000 00407nam a22001457a 4500
005 20151202121740.0
008 151202b xxu||||| |||| 00| 0 eng d
040 _cPK-LaUMT
082 _aMSC 925
_bHAM-N
100 _aحمید عسکری
245 _aنامور مغربی سائنس دان
_cحمید عسکری
260 _aلاہور
_bمجلس ترقی ادب
_c2007
300 _a359 ص
942 _cBK
999 _c79461
_d79461